| 000 | 00629nam a2200229Ia 4500 | ||
|---|---|---|---|
| 008 | 160404s9999 xx 000 0 und d | ||
| 020 | _a971-911-150-X | ||
| 050 | _aFIL TH 437 | ||
| 050 | _b.V45 1997 c.2 | ||
| 100 | _aVelasco, Rheno A. | ||
| 245 | _aHandbook of construction estimate : | ||
| 245 | _bsimplified with technical data / | ||
| 245 | _cRheno A. Velasco. | ||
| 260 | _aManila : | ||
| 260 | _bLoacan Pub. House, | ||
| 260 | _c1997 | ||
| 300 | _a147 pages : | ||
| 300 | _billustrations ; | ||
| 300 | _c20 cm. | ||
| 650 | _aConstruction -- Handbooks, manulas, etc. | ||
| 650 | _xConstruction -- Estimate. | ||
| 999 |
_c293338 _d293338 |
||